000 00298nam a22001337a 4500
008 170609b xxu||||| |||| 00| 0 eng d
020 _a9780521145220
041 _aeng
080 _a327
100 _a19
101 _aSHP
245 _aTHE CRISIS OF RUSSIAN DEMOCRACY
_cSAKWA,R
942 _2udc
_cBK
999 _c16656
_d16656